Manual para el cálculo de rentabilidades / (Registro nro. 8322)

Detalles MARC
000 -LEADER
fixed length control field 00858nam a2200241Ia 4500
003 - CONTROL NUMBER IDENTIFIER
control field OSt
005 - DATE AND TIME OF LATEST TRANSACTION
control field 20210811142119.0
008 - FIXED-LENGTH DATA ELEMENTS--GENERAL INFORMATION
fixed length control field 210310q1983 ck gr 000 0 spa d
040 ## - CATALOGING SOURCE
Original cataloging agency CO-JMCR
Transcribing agency CO-JMCR
041 0# - LANGUAGE CODE
Language code of text/sound track or separate title spa
082 04 - DEWEY DECIMAL CLASSIFICATION NUMBER
Classification number 658.1554 /
Item number C824m
Edition number 23
110 2# - MAIN ENTRY--CORPORATE NAME
Corporate name or jurisdiction name as entry element Corredores Asociados S.A.
9 (RLIN) 38706
245 10 - TITLE STATEMENT
Title Manual para el cálculo de rentabilidades /
Statement of responsibility, etc. Corredores Asociados S.A.
250 ## - EDITION STATEMENT
Edition statement 3a. Edición
260 ## - PUBLICATION, DISTRIBUTION, ETC.
Place of publication, distribution, etc. Bogotá :
Name of publisher, distributor, etc. Corredores Asociados S.A.,
Date of publication, distribution, etc. [1983]
300 ## - PHYSICAL DESCRIPTION
Extent 143 páginas ;
Dimensions 24 cm.
505 0# - FORMATTED CONTENTS NOTE
Formatted contents note La inversión a través de las bolsas de valores -- Relaciones de equivalencia -- Títulos valores negociables en las bolsas de valores -- Los indicadores bursátiles
650 14 - SUBJECT ADDED ENTRY--TOPICAL TERM
Topical term or geographic name entry element Finanzas
9 (RLIN) 16941
650 24 - SUBJECT ADDED ENTRY--TOPICAL TERM
Topical term or geographic name entry element Rentas
9 (RLIN) 6044
650 24 - SUBJECT ADDED ENTRY--TOPICAL TERM
Topical term or geographic name entry element Seguros
9 (RLIN) 8558
650 24 - SUBJECT ADDED ENTRY--TOPICAL TERM
Topical term or geographic name entry element Matemáticas financieras
9 (RLIN) 10647
942 ## - ADDED ENTRY ELEMENTS (KOHA)
Source of classification or shelving scheme Dewey Decimal Classification
Koha item type Books
Existencias
Withdrawn status Lost status Source of classification or shelving scheme Damaged status Not for loan Collection code Home library Current library Date acquired Source of acquisition Full call number Barcode Date last seen Copy number Koha item type
    Dewey Decimal Classification     Non-fiction Biblioteca Pública José María del Castillo y Rada Biblioteca Pública José María del Castillo y Rada 04/15/2018 Donación 658.1554 / C824m 430002881 05/16/2024 Ej.1 Books